Locum Properties Ltd v Harrow LBC (Record no. 11208)

MARC details
000 -LEADER
fixed length control field 01627cab a2200241 4500
001 - CONTROL NUMBER
control field ABS51244
008 - FIXED-LENGTH DATA ELEMENTS--GENERAL INFORMATION
fixed length control field 090401t1994 xxu||||| |||| 00| 0 eng d
035 ## - SYSTEM CONTROL NUMBER
System control number (Sirsi) u16924
041 ## - LANGUAGE CODE
Language code of text/sound track or separate title eng
245 ## - TITLE STATEMENT
Title Locum Properties Ltd v Harrow LBC
260 ## - PUBLICATION, DISTRIBUTION, ETC.
Date of publication, distribution, etc. 1994
350 ## - PRICE (NR) (BK AM CF MU VM SE) [OBSOLETE]
Price 0
490 ## - SERIES STATEMENT
Series statement Rating & Valuation Reporter
Volume/sequential designation (1994) 34 RVR 112-116(5)
520 ## - SUMMARY, ETC.
Summary, etc. LT 13 December 1993. H compulsorily purchased for road widening a strip of land forming part of L`s front garden. It was agreed that the effect of taking the strip was to deprive L the opportunity to form parking spaces. H claimed that the valuation should be based on planning permission being granted for two spaces whose use was restricted to the occupiers of the flats. L claimed that it should be based on three spaces with unrestricted use. L also claimed injurious affection and disturbance compensation based on loss of the rent on the ground floor flat during the works and loss of value of the whole property due to the proximity of traffic. L`s total claim was for £47,000. H claimed compensation should be £5,000. Held, compensation should be £7,700 based on comparables and not including injurious affection as the road was already a major one for traffic and that the small strip of land would not make a significant difference.
650 ## - SUBJECT ADDED ENTRY--TOPICAL TERM
Topical term or geographic name entry element Compulsory purchase
9 (RLIN) 6228
650 ## - SUBJECT ADDED ENTRY--TOPICAL TERM
Topical term or geographic name entry element FRONT GARDEN
650 ## - SUBJECT ADDED ENTRY--TOPICAL TERM
Topical term or geographic name entry element INJURIOUS AFFECTION
650 ## - SUBJECT ADDED ENTRY--TOPICAL TERM
Topical term or geographic name entry element PARKING SPACES
650 ## - SUBJECT ADDED ENTRY--TOPICAL TERM
Topical term or geographic name entry element ROAD WIDENING
690 ## - LOCAL SUBJECT ADDED ENTRY--TOPICAL TERM (OCLC, RLIN)
Topical term or geographic name as entry element ENVIRONMENTAL AND LAND CONSULTANCY-PLANNING AND DEVELOPMENT-COMPULSORY PURCHASE AND COMPENSATION
942 ## - ADDED ENTRY ELEMENTS (KOHA)
Suppress in OPAC 0
948 ## - LOCAL PROCESSING INFORMATION (OCLC); SERIES PART DESIGNATOR (RLIN)
c (OCLC) 04/03/1997
Holdings
Withdrawn status Lost status Source of classification or shelving scheme Damaged status Not for loan Home library Current library Shelving location Date acquired Total Checkouts Full call number Barcode Date last seen Copy number Price effective from Koha item type
    Dewey Decimal Classification     London London Journal article 14/09/1999   ABS51244 16924-1001 06/08/2019 1 06/08/2019 Law report